书目信息 |
| 题名: |
主题法的理论与标引
|
|
| 作者: | 刘湘生 编著 | |
| 分册: | ||
| 出版信息: | 北京 书目文献出版社 1985.11 |
|
| 页数: | 459页 | |
| 开本: | 19cm | |
| 丛书名: | ||
| 单 册: | ||
| 中图分类: | G254.21 | |
| 科图分类: | ||
| 主题词: | 图书馆学 , 图书馆事业 | |
| 电子资源: | ||
| ISBN: | ||
| 000 | 00602nam0 2200217 45 | |
| 001 | 0303140942 | |
| 005 | 20031219104106.8 | |
| 010 | @dCNY2.30 | |
| 091 | @a17201.47 | |
| 100 | @a20030314d1985 km y0chiy0120 ea | |
| 101 | 0 | @achi |
| 105 | @aa z 000yy | |
| 200 | 1 | @a主题法的理论与标引@AZhu Ti Fa De Li Lun Yu Biao Yin@f刘湘生编著@FLiu Xiang Sheng Bian Zhu |
| 210 | @a北京@c书目文献出版社@d1985.11 | |
| 215 | @a459页@c图表@d19cm | |
| 606 | 0 | @a图书馆学 |
| 606 | 0 | @a图书馆事业 |
| 690 | @aG254.21@v3 | |
| 701 | 0 | @a刘湘生@4编著 |
| 801 | @aCN@bTSTC@c20030314 | |
| 905 | @f2@b168396-397@dG254.21@e24 | |
| 主题法的理论与标引/刘湘生编著.-北京:书目文献出版社,1985.11 |
| 459页:图表;19cm |
| ISBN :CNY2.30 |
| ● |
| 相关链接 |
|
|
|
|
正题名:主题法的理论与标引
索取号:G254.21/24
 
预约/预借
| 序号 | 登录号 | 条形码 | 馆藏地/架位号 | 状态 | 备注 |
| 1 | 0154639 | 000503039 | 密集书库/ [索取号:G254.21/24] | 在馆 | |
| 2 | 0154640 | 000503020 | 密集书库/ [索取号:G254.21/24] | 在馆 | |
| 3 | 0154641 | 000503011 | 第一样本阅览室/ [索取号:G254.21/24] | 在馆 | |
| 4 | 0168396 | 001766743 | 密集书库/ [索取号:G254.21/24] | 在馆 | |
| 5 | 0168397 | 001766707 | 密集书库/ [索取号:G254.21/24] | 在馆 | |
| 6 | 0168398 | 001765931 | 密集书库/ [索取号:G254.21/24] | 在馆 |